000 00692nam a2200241 i 4500
001 bg
100 1 _aCYGLER, Joanna
245 1 0 _aAlianse strategiczne /
_cJoanna Cygler.
260 _aWarszawa :
_b"Difin",
_c2002.
300 _a206 s. :
_bil. ;
_c24 cm.
504 _aBibliogr.
650 9 _aZarządzanie strategiczne
650 9 _aPrzedsiębiorstwo
_xorganizacja
650 9 _aWspółpraca gospodarcza
_xzagadnienia
020 _a837251223X
040 _cBPK
041 0 _apl
080 _a658.1/.5.012.4
920 _a83-7251-223-X
942 _cKS
008 s pl f |000 0 pol
999 _c41520
_d41520
856 _uhttp://koha.tu.koszalin.pl/cgi-bin/koha/opac-detail.pl?biblionumber=41520
_yKatalog online BPK